| 000 | 00475pab a2200169 454500 | ||
|---|---|---|---|
| 008 | 180718b2005 xxu||||| |||| 00| 0 eng d | ||
| 100 | _aBolashetty, Shripad S. | ||
| 245 | _aTrade in Indian higher education service sector: implications of WTO's GATS | ||
| 260 | _c2005 | ||
| 300 | _ap.6-14. | ||
| 362 | _a19 Sep | ||
| 650 | _aWorld Trade Organization | ||
| 650 | _aHigher education - India | ||
| 650 | _aHigher education | ||
| 773 | _aUniversity News | ||
| 909 | _a67018 | ||
| 999 |
_c67018 _d67018 |
||